LEADER 00866nam0-22002891i-450- 001 990006172940403321 005 19980601 035 $a000617294 035 $aFED01000617294 035 $a(Aleph)000617294FED01 035 $a000617294 100 $a19980601d1913----km-y0itay50------ba 105 $a--------00-yy 200 1 $a<>culture morale aux divers degres de l'enseignement public$fArthur Bauer. 210 $aParis$cM. Giard et E. Briere$d1913 215 $a261 p.$d24 cm 225 1 $aBibliothèque sociologique internationale$v50 676 $a371.01 700 1$aBauer,$bArthur$0234296 801 0$aIT$bUNINA$gRICA$2UNIMARC 901 $aBK 912 $a990006172940403321 952 $aXV C 10 (50)$b3337$fFGBC 959 $aFGBC 996 $aCulture morale aux divers degres de l'enseignement public$9647186 997 $aUNINA DB $aGIU01 LEADER 00949nam0-22003131i-450- 001 990007403120403321 005 20040520125554.0 010 $a88-8089-491-9 035 $a000740312 035 $aFED01000740312 035 $a(Aleph)000740312FED01 035 $a000740312 100 $a20030331d1998----km-y0itay50------ba 101 $aita 102 $aIT 105 $ay-------001yy 200 1 $aPer un agire ecologico$epercorso di lettura attraverso le proposte dell'etica ambientalista$fcura e introduzione di Sergio Dellavalle 210 $aMilano$cBaldini & Castoldi$d© 1998 215 $a399 p.$d22 cm 225 1 $aUguali & Liberi. Polis$v7 676 $a179.1$v11$zita 702 1$aDellavalle,$bSergio 801 0$aIT$bUNINA$gRICA$2UNIMARC 901 $aBK 912 $a990007403120403321 951 $aXI DU AA.VV.7$eDip.to Filosofia dei Diritti$fdfd 959 $aDFD 996 $aPer un agire ecologico$9471615 997 $aUNINA